Postmetaphysical thinking : philosophical essays
Saved in:
| Main Author: | |
|---|---|
| Format: | Book |
| Language: | English German |
| Published: |
Cambridge, Mass. :
MIT Press,
c1992.
|
| Series: | Studies in contemporary German social thought
|
| Subjects: | |
| Tags: |
Add Tag
No Tags, Be the first to tag this record!
|
MARC
| LEADER | 00000cam a2200000 i 4500 | ||
|---|---|---|---|
| 001 | 1/65050 | ||
| 008 | 071128s1992 mau| ||| |||| ||eng|| | ||
| 020 | |a 0262581302 | ||
| 035 | |l 10092647 | ||
| 040 | |a GR-MyUa |b gre |e AACR2 | ||
| 041 | 1 | |a eng |h ger | |
| 082 | 7 | |a 190 |2 (22) | |
| 100 | 1 | |a Habermas, Jürgen. | |
| 245 | 1 | 0 | |a Postmetaphysical thinking : |b philosophical essays / |c Jurgen Habermas ; translated by William Mark Hohengarten. |
| 260 | |a Cambridge, Mass. : |b MIT Press, |c c1992. | ||
| 300 | |a xx, 241 σ. ; |c 23 εκ. | ||
| 490 | 1 | |a (Studies in contemporary German social thought) | |
| 504 | |a Περιλαμβάνει βιβλιογραφίες και ευρετήριο. | ||
| 650 | 0 | 0 | |a Philosophy, Modern |y 20th century. |
| 650 | 0 | 0 | |a Civilization, Modern |x Philosophy. |
| 830 | 0 | |a Studies in contemporary German social thought | |
| 852 | |a INST |b SYROS |e 20071128 |h 190 HAB |p 005500006867 |q 005500006867 |t BK |y 0 | ||
| 901 | |a BIBL5-2007-3 | ||
| 922 | |a 5ΕΛΗ |b 200709 |c ΒΙΒΛΙΟΘΗΚΗ ΣΥΡΟΥ |d GLORYBOOK | ||
| 970 | |a ΚΑΓΙΑΒΑ |b ΕΙΡΗΝΗ |z 28/11/2007 | ||